Barron's how to prepare for the Toefl iBT : Test of English as a foreign language: Internet - Based test

সংরক্ষণ করুন:
গ্রন্থ-পঞ্জীর বিবরন
প্রধান লেখক: Sharpe, Pamela J.
বিন্যাস: গ্রন্থ
ভাষা:Undetermined
প্রকাশিত: Thành phố Hồ Chí Minh Trẻ 2006
বিষয়গুলি:
ট্যাগগুলো: ট্যাগ যুক্ত করুন
কোনো ট্যাগ নেই, প্রথমজন হিসাবে ট্যাগ করুন!
Thư viện lưu trữ: Trung tâm Học liệu Trường Đại học Cần Thơ
LEADER 00745nam a2200217Ia 4500
001 CTU_198059
008 210402s9999 xx 000 0 und d
082 |a 428.0076 
082 |b S532/CD.10 
100 |a Sharpe, Pamela J. 
245 0 |a Barron's how to prepare for the Toefl iBT : 
245 0 |b Test of English as a foreign language: Internet - Based test 
245 0 |c Pamela J. Sharpe ; [ First News biên dịch và chú giải ] 
260 |a Thành phố Hồ Chí Minh 
260 |b Trẻ 
260 |c 2006 
650 |a English language,English language,Test of English as a Foreign Language 
650 |x Examinations 
904 |i Hiếu 
915 |a 400 
980 |a Trung tâm Học liệu Trường Đại học Cần Thơ